| 000 | 00676nam a2200217Ia 4500 | ||
|---|---|---|---|
| 003 | OSt | ||
| 005 | 20220926044640.0 | ||
| 006 | a|||||r|||| 00| 0 | ||
| 007 | ta | ||
| 008 | 220923b |||||||| |||| 00| 0 eng d | ||
| 037 | _cGeneral Book | ||
| 040 |
_aRTL _cRTL _beng |
||
| 041 |
_2eng _aeng |
||
| 082 | _aX9(F182):76.2.N61t, K2/GD | ||
| 110 |
_aIndia, Trafiff, (Commissio ) _9349281 |
||
| 245 | 0 | _aReport, Fair ex-works retention Prices of steel for the period 1st April 1960 to 31st March 1962 | |
| 260 | _c1962 | ||
| 700 |
_aIndia, Trafiff, (Commissio ) _9349282 |
||
| 942 |
_hX9(F182):76.2.N61t, K2/GD _cGB _2CC |
||
| 999 |
_c675428 _d675428 |
||